[Event "BL2-West 1920"]
[Site "Germany"]
[Date "2019.12.08"]
[Round "4.1"]
[White "Zaitsev, Mikhail"]
[Black "Lobron, Eric"]
[Result "1/2-1/2"]
[WhiteElo "2424"]
[BlackElo "2501"]
[PlyCount "21"]
[EventDate "2019.09.19"]
[EventType "team-tourn"]
[EventRounds "9"]
[EventCountry "GER"]
[SourceTitle "EXT 2023"]
[Source "ChessBase"]
[SourceDate "2022.10.05"]
[SourceVersion "1"]
[SourceVersionDate "2022.10.05"]
[SourceQuality "1"]
[WhiteTeam "Bochum"]
[BlackTeam "Schott Mainz"]
[WhiteTeamCountry "GER"]
[BlackTeamCountry "GER"]

1. e4 d5 2. exd5 Qxd5 3. d4 Nf6 4. Nf3 Bg4 5. Be2 e6 6. h3 Bh5 7. 0-0 Nc6 8. Be3 Be7 9. c4 Qd6 10. Qb3 Qb4 11. Qc2 1/2-1/2

[Event "BL2-West 1920"]
[Site "Germany"]
[Date "2019.09.29"]
[Round "1.1"]
[White "Andreev, Eduard"]
[Black "Zaitsev, Mikhail"]
[Result "1/2-1/2"]
[WhiteElo "2420"]
[BlackElo "2421"]
[PlyCount "33"]
[EventDate "2019.09.19"]
[EventType "team-tourn"]
[EventRounds "9"]
[EventCountry "GER"]
[SourceTitle "EXT 2023"]
[Source "ChessBase"]
[SourceDate "2022.10.05"]
[SourceVersion "1"]
[SourceVersionDate "2022.10.05"]
[SourceQuality "1"]
[WhiteTeam "Siegburg"]
[BlackTeam "Bochum"]
[WhiteTeamCountry "GER"]
[BlackTeamCountry "GER"]

1. e4 e5 2. Nf3 Nf6 3. d4 Nxe4 4. Bd3 Nc6 5. dxe5 d5 6. 0-0 Bg4 7. Nc3 Nxc3 8. bxc3 Be7 9. Re1 0-0 10. h3 Be6 11. Rb1 b6 12. Bb5 Na5 13. Nd4 c5 14. Nxe6 fxe6 15. Qg4 Qc8 16. Bf1 c4 17. Be3 1/2-1/2

[Event "Pfalz op 10th"]
[Site "Neustadt an der Weinstrasse"]
[Date "2019.03.03"]
[Round "5"]
[White "Hahn, Markus"]
[Black "Zaitsev, Mikhail"]
[Result "1/2-1/2"]
[WhiteElo "2272"]
[BlackElo "2440"]
[PlyCount "29"]
[EventDate "2019.03.01"]
[EventType "swiss"]
[EventRounds "9"]
[EventCountry "GER"]
[SourceTitle "CBM 189 Extra"]
[Source "ChessBase"]
[SourceDate "2019.06.03"]
[SourceVersion "1"]
[SourceVersionDate "2019.06.03"]
[SourceQuality "1"]

1. Nf3 d5 2. c4 dxc4 3. e3 Nf6 4. Bxc4 e6 5. d4 a6 6. 0-0 c5 7. dxc5 Bxc5 8. Qxd8+ Kxd8 9. Rd1+ Ke7 10. Be2 b6 11. Nbd2 Nbd7 12. b3 Bb7 13. Bb2 Rhc8 14. Ne1 Ke8 15. Nd3 1/2-1/2

[Event "BL2-West 1819"]
[Site "Germany"]
[Date "2019.02.24"]
[Round "7.1"]
[White "Heberla, Bartlomiej"]
[Black "Zaitsev, Mikhail"]
[Result "1/2-1/2"]
[WhiteElo "2550"]
[BlackElo "2467"]
[PlyCount "63"]
[EventDate "2018.11.21"]
[EventType "team-tourn"]
[EventRounds "9"]
[EventCountry "GER"]
[SourceTitle "CBM 190 Extra"]
[Source "ChessBase"]
[SourceDate "2019.07.15"]
[SourceVersion "1"]
[SourceVersionDate "2019.07.15"]
[SourceQuality "1"]
[WhiteTeam "Dortmund Hansa"]
[BlackTeam "Bochum SV"]
[WhiteTeamCountry "GER"]
[BlackTeamCountry "GER"]

1. d4 d5 2. c4 dxc4 3. Nf3 Nf6 4. e3 e6 5. Bxc4 a6 6. a4 c5 7. 0-0 Be7 8. Qe2 cxd4 9. exd4 Nc6 10. Rd1 0-0 11. Nc3 Nb4 12. Bg5 Bd7 13. d5 exd5 14. Nxd5 Nbxd5 15. Bxd5 Nxd5 16. Rxd5 Bxg5 17. Nxg5 h6 18. Qd2 hxg5 19. Rxd7 Qb6 20. a5 Qb3 21. Ra3 Qe6 22. Re3 Qc6 23. h3 Rac8 24. Rc3 Qe4 25. Rg3 Rc5 26. b4 Rb5 27. Rd4 Qe7 28. Re3 Qf6 29. Rf3 Qe7 30. Re3 Qf6 31. Rde4 b6 32. axb6 1/2-1/2

[Event "BL2-West 1819"]
[Site "Germany"]
[Date "2018.11.11"]
[Round "2.1"]
[White "Seel, Christian"]
[Black "Zaitsev, Mikhail"]
[Result "1-0"]
[WhiteElo "2477"]
[BlackElo "2467"]
[PlyCount "103"]
[EventDate "2018.11.21"]
[EventType "team-tourn"]
[EventRounds "9"]
[EventCountry "GER"]
[SourceTitle "CBM 190 Extra"]
[Source "ChessBase"]
[SourceDate "2019.07.15"]
[SourceVersion "1"]
[SourceVersionDate "2019.07.15"]
[SourceQuality "1"]
[WhiteTeam "Aachen SV"]
[BlackTeam "Bochum SV"]
[WhiteTeamCountry "GER"]
[BlackTeamCountry "GER"]

1. Nf3 d5 2. d4 Nf6 3. c4 c6 4. cxd5 cxd5 5. Nc3 Nc6 6. Bf4 Ne4 7. e3 Nxc3 8. bxc3 g6 9. Ne5 Bg7 10. Nxc6 bxc6 11. Qa4 Bd7 12. Ba6 c5 13. Qa3 cxd4 14. cxd4 Bc8 15. 0-0 Bxa6 16. Qxa6 0-0 17. Rab1 Qc8 18. Rb7 Bf6 19. h3 g5 20. Bg3 h5 21. a4 Re8 22. Qb5 Rd8 23. Be5 Bxe5 24. dxe5 Rb8 25. Rb1 Rxb7 26. Qxb7 Qxb7 27. Rxb7 d4 28. Kf1 dxe3 29. fxe3 Rd5 30. Rxe7 Ra5 31. e6 fxe6 32. Rxe6 Rxa4 33. Rg6+ Kf7 34. Rxg5 h4 35. Rg4 Ra2 36. Rxh4 Ke6 37. Re4+ Kd5 38. Rd4+ Kc5 39. h4 a5 40. h5 a4 41. h6 Ra1+ 42. Kf2 a3 43. Ra4 Kd5 44. g4 Rh1 45. g5 a2 46. Rxa2 Rh2+ 47. Kg3 Rxa2 48. h7 Ra8 49. g6 Ke6 50. g7 Kf7 51. h8Q Rg8 52. Kf4 1-0

[Event "Muenster op 36th"]
[Site "Muenster"]
[Date "2018.10.17"]
[Round "7"]
[White "Zaitsev, Mikhail"]
[Black "Schroer, Klaus"]
[Result "1-0"]
[WhiteElo "2481"]
[BlackElo "2111"]
[PlyCount "55"]
[EventDate "2018.10.12"]
[EventType "swiss"]
[EventRounds "9"]
[EventCountry "GER"]
[SourceTitle "CBM 187 Extra"]
[Source "ChessBase"]
[SourceDate "2018.11.04"]
[SourceVersion "1"]
[SourceVersionDate "2018.11.04"]
[SourceQuality "1"]

1. e4 d6 2. d4 c6 3. f4 Qc7 4. Nf3 Bg4 5. Nbd2 Nd7 6. h3 Bxf3 7. Nxf3 e5 8. Bc4 Be7 9. c3 b5 10. Bb3 Ngf6 11. 0-0 exd4 12. Nxd4 Nxe4 13. Nf5 Bf8 14. a4 bxa4 15. Bxa4 d5 16. Be3 g6 17. Nd4 Bc5 18. Bxc6 Rb8 19. Bxd5 Ndf6 20. Qa4+ Kf8 21. Bxe4 Nxe4 22. f5 Rxb2 23. Ne6+ fxe6 24. fxe6+ Kg7 25. Qxe4 Rf8 26. Bd4+ Kg8 27. Rxf8+ Kxf8 28. Qf3+ 1-0

[Event "Oberliga NRW 1718"]
[Site "Germany"]
[Date "2018.04.29"]
[Round "9.1"]
[White "Zaitsev, Mikhail"]
[Black "Fieberg, Samuel"]
[Result "1-0"]
[WhiteElo "2422"]
[BlackElo "2177"]
[PlyCount "99"]
[EventDate "2017.09.17"]
[EventType "team-tourn"]
[EventRounds "9"]
[EventCountry "GER"]
[SourceTitle "EXT 2019"]
[Source "ChessBase"]
[SourceDate "2018.10.10"]
[SourceVersion "1"]
[SourceVersionDate "2018.10.10"]
[SourceQuality "1"]
[WhiteTeam "Bochum SV"]
[BlackTeam "Koeln Porz II"]
[WhiteTeamCountry "GER"]
[BlackTeamCountry "GER"]

1. e4 c5 2. c3 Nf6 3. e5 Nd5 4. d4 cxd4 5. Nf3 e6 6. cxd4 d6 7. Bc4 dxe5 8. dxe5 Bb4+ 9. Nbd2 0-0 10. 0-0 a6 11. Ne4 b5 12. Bg5 Qd7 13. Bd3 f5 14. exf6 gxf6 15. Bh6 Rf7 16. Rc1 Nc6 17. a3 Be7 18. Qe2 f5 19. Nc5 Qd6 20. Bb1 Rf6 21. Qd2 Ra7 22. Ba2 Rc7 23. Rfe1 Nd8 24. Bxd5 Rxc5 25. Rxc5 Qxc5 26. Bg5 Rg6 27. Rc1 Qxd5 28. Bxe7 Bb7 29. Qxd5 Bxd5 30. Nh4 Nc6 31. Nxg6 hxg6 32. Bb4 Kf7 33. Rd1 a5 34. Bd6 a4 35. h4 Na5 36. Bb4 Nc4 37. Bc3 Ke7 38. f3 Kd6 39. Kf2 f4 40. Rg1 e5 41. g3 fxg3+ 42. Rxg3 Bf7 43. Rg5 Be8 44. f4 exf4 45. Kf3 Bc6+ 46. Kxf4 Be8 47. Rg1 Bf7 48. Kg5 Ke6 49. Re1+ Kd6 50. Kf6 1-0

[Event "NRW Class1 1617"]
[Site "Germany"]
[Date "2017.03.05"]
[Round "7.1"]
[White "Zaitsev, Mikhail"]
[Black "Essing, Arnold"]
[Result "1-0"]
[WhiteElo "2508"]
[BlackElo "2233"]
[PlyCount "85"]
[EventDate "2016.09.25"]
[EventType "team-tourn"]
[EventRounds "9"]
[EventCountry "GER"]
[SourceTitle "EXT 2023"]
[Source "ChessBase"]
[SourceDate "2022.10.05"]
[SourceVersion "1"]
[SourceVersionDate "2022.10.05"]
[SourceQuality "1"]
[WhiteTeam "Bochum SV"]
[BlackTeam "Lieme"]
[WhiteTeamCountry "GER"]
[BlackTeamCountry "GER"]

1. e4 Nf6 2. e5 Nd5 3. d4 d6 4. c4 Nb6 5. exd6 cxd6 6. Nc3 g6 7. Be3 Bg7 8. Rc1 0-0 9. b3 e5 10. dxe5 dxe5 11. Qxd8 Rxd8 12. c5 N6d7 13. Nf3 Nc6 14. Bc4 h6 15. Nb5 Nf8 16. Nd6 Rd7 17. Nd2 Re7 18. Nxc8 Rxc8 19. Ne4 Ne6 20. h4 Rcc7 21. h5 g5 22. f3 Kf8 23. Nd6 a6 24. Kf2 Ned4 25. g4 Red7 26. Rhe1 Rd8 27. Bd2 f5 28. Bc3 fxg4 29. fxg4 Ke7 30. Kg3 Rf8 31. Rf1 Rf4 32. Bd2 Nd8 33. Bxf4 gxf4+ 34. Kf2 Rxc5 35. Ne4 Ra5 36. a4 b5 37. Nc3 N8c6 38. axb5 axb5 39. Bxb5 Nxb5 40. Nxb5 Nb4 41. Rc7+ Kf8 42. Rd1 Bf6 43. Rdd7 1-0

[Event "NRW Class1 1617"]
[Site "Germany"]
[Date "2016.11.13"]
[Round "3.1"]
[White "Zaitsev, Mikhail"]
[Black "Webb, Laurence"]
[Result "1/2-1/2"]
[WhiteElo "2508"]
[BlackElo "2280"]
[PlyCount "85"]
[EventDate "2016.09.25"]
[EventType "team-tourn"]
[EventRounds "9"]
[EventCountry "GER"]
[SourceTitle "EXT 2023"]
[Source "ChessBase"]
[SourceDate "2022.10.05"]
[SourceVersion "1"]
[SourceVersionDate "2022.10.05"]
[SourceQuality "1"]
[WhiteTeam "Bochum SV"]
[BlackTeam "Muenster SK"]
[WhiteTeamCountry "GER"]
[BlackTeamCountry "GER"]

1. e4 e6 2. d4 d5 3. Nd2 c5 4. exd5 exd5 5. Ngf3 Nf6 6. Bb5+ Bd7 7. Bxd7+ Nbxd7 8. 0-0 Be7 9. dxc5 Nxc5 10. Nb3 Nce4 11. Nfd4 Qd7 12. f3 Nd6 13. Nc5 Qc8 14. Nd3 0-0 15. Re1 Bd8 16. Be3 Bb6 17. Bf2 Re8 18. Rxe8+ Qxe8 19. Qd2 Qd7 20. Re1 Re8 21. b3 Rxe1+ 22. Qxe1 Nb5 23. Nxb5 Qxb5 24. a4 Qc6 25. Bxb6 Qxb6+ 26. Qf2 Kf8 27. g4 Ke7 28. Qxb6 axb6 29. Kf2 Kd6 30. Ke3 Ne8 31. f4 g6 32. Ne5 f6 33. Nf3 Ng7 34. h3 h5 35. b4 hxg4 36. hxg4 Ne6 37. g5 fxg5 38. fxg5 Ng7 39. Nh4 Ne6 40. Nxg6 Nxg5 41. Nf4 Ke5 42. Nd3+ Kd6 43. Nf2 1/2-1/2

[Event "NRW Class1 1617"]
[Site "Germany"]
[Date "2016.10.23"]
[Round "2.1"]
[White "Haub, Thorsten Michael"]
[Black "Zaitsev, Mikhail"]
[Result "1/2-1/2"]
[WhiteElo "2393"]
[BlackElo "2508"]
[PlyCount "101"]
[EventDate "2016.09.25"]
[EventType "team-tourn"]
[EventRounds "9"]
[EventCountry "GER"]
[SourceTitle "EXT 2023"]
[Source "ChessBase"]
[SourceDate "2022.10.05"]
[SourceVersion "1"]
[SourceVersionDate "2022.10.05"]
[SourceQuality "1"]
[WhiteTeam "Plettenberg"]
[BlackTeam "Bochum SV"]
[WhiteTeamCountry "GER"]
[BlackTeamCountry "GER"]

1. Nf3 d5 2. g3 Bg4 3. Bg2 Nd7 4. c4 e6 5. Qa4 c6 6. cxd5 Bxf3 7. Bxf3 exd5 8. d3 Ngf6 9. 0-0 Bc5 10. Nc3 0-0 11. b4 Bd4 12. Bd2 a6 13. Rab1 Re8 14. Qc2 Ne5 15. Bg2 Qd6 16. e3 Ba7 17. Ne2 Qd7 18. Bc3 Qf5 19. Bxe5 Qxe5 20. d4 Qd6 21. a4 h5 22. b5 cxb5 23. axb5 a5 24. b6 Bxb6 25. Qb3 Ra6 26. Nc3 Re7 27. Nxd5 Nxd5 28. Qxd5 Rd7 29. Qxd6 Rxd6 30. Bxb7 Ra7 31. Be4 Kf8 32. Rfc1 Ke7 33. Bc6 Bd8 34. Rc4 Rc7 35. d5 f5 36. Kf1 Kf6 37. h3 Ra7 38. Rd1 Be7 39. Ra4 Bd8 40. Rb1 Bc7 41. Ke2 Rd8 42. Kd3 Rb8 43. Rxb8 Bxb8 44. Kd4 Bd6 45. Rc4 Re7 46. Kd3 Rc7 47. Rc2 Ke5 48. f4+ Kf6 49. Rb2 Re7 50. Rc2 g5 51. Bb5 1/2-1/2

[Event "Schwert von Luelsdorf op 27th"]
[Site "Niederkassel"]
[Date "2016.09.04"]
[Round "8"]
[White "Zaitsev, Mikhail"]
[Black "Khanukov, Boris"]
[Result "1-0"]
[WhiteElo "2508"]
[BlackElo "2316"]
[PlyCount "87"]
[EventDate "2016.09.04"]
[EventType "swiss (rapid)"]
[EventRounds "9"]
[EventCountry "GER"]
[SourceTitle "CBM 174 Extra"]
[Source "ChessBase"]
[SourceDate "2016.10.10"]
[SourceVersion "1"]
[SourceVersionDate "2016.10.10"]
[SourceQuality "1"]

1. e4 c5 2. c3 Nf6 3. e5 Nd5 4. d4 e6 5. Nf3 cxd4 6. cxd4 d6 7. Bc4 dxe5 8. Nxe5 Bb4+ 9. Nd2 Nc6 10. Nxc6 bxc6 11. 0-0 0-0 12. Nf3 Bd6 13. Qc2 h6 14. Qe4 f5 15. Qe2 Qf6 16. Bd2 Bd7 17. Rfe1 Rab8 18. b3 Rfe8 19. Rac1 Kh8 20. Qd3 Nf4 21. Bxf4 Bxf4 22. Ne5 Rbd8 23. Rcd1 c5 24. Qf3 Bxe5 25. dxe5 Qe7 26. Rd6 Bc8 27. Red1 Bb7 28. Qg3 Rxd6 29. exd6 Qd7 30. Qe5 Qc6 31. f3 Bc8 32. a4 a6 33. h4 Bd7 34. Kf2 Qb6 35. Rd3 Kh7 36. Kg1 Kh8 37. f4 Rg8 38. Kh2 Qd8 39. Rh3 Qb6 40. Rg3 Qd8 41. Kh3 Kh7 42. Bxe6 Bxe6 43. Qxe6 Qf6 44. Qxf6 1-0

[Event "Schwert von Luelsdorf op 27th"]
[Site "Niederkassel"]
[Date "2016.09.04"]
[Round "2"]
[White "Zaitsev, Mikhail"]
[Black "Lindam, Ingo"]
[Result "1-0"]
[WhiteElo "2508"]
[BlackElo "2091"]
[PlyCount "69"]
[EventDate "2016.09.04"]
[EventType "swiss (rapid)"]
[EventRounds "9"]
[EventCountry "GER"]
[SourceTitle "CBM 174 Extra"]
[Source "ChessBase"]
[SourceDate "2016.10.10"]
[SourceVersion "1"]
[SourceVersionDate "2016.10.10"]
[SourceQuality "1"]

1. e4 c5 2. c3 Nf6 3. e5 Nd5 4. d4 cxd4 5. Qxd4 e6 6. Nf3 d6 7. Nbd2 Nc6 8. Qe4 Nxe5 9. Nxe5 dxe5 10. Qxe5 Bd7 11. Nc4 Qc7 12. Qxc7 Nxc7 13. Ne5 Bd6 14. Nxd7 Kxd7 15. g3 Rad8 16. Bg2 b6 17. a4 Nd5 18. Ke2 Ke7 19. Rd1 Bc7 20. Bxd5 Rxd5 21. Rxd5 exd5 22. Be3 Rd8 23. Kd3 Kd6 24. Re1 Kc6 25. Bd4 g6 26. b4 a6 27. Re7 Rd7 28. b5+ axb5 29. axb5+ Kd6 30. Re1 Re7 31. Ra1 Re8 32. Ra7 Rb8 33. Rxc7 Kxc7 34. Be5+ Kb7 35. Bxb8 1-0

[Event "Herne op 5th"]
[Site "Herne"]
[Date "2016.05.26"]
[Round "2"]
[White "Zaitsev, Mikhail"]
[Black "Meyer, Ulrich"]
[Result "1-0"]
[WhiteElo "2500"]
[BlackElo "1995"]
[PlyCount "29"]
[EventDate "2016.05.25"]
[EventType "swiss"]
[EventRounds "7"]
[EventCountry "GER"]
[SourceTitle "CBM 172 Extra"]
[Source "ChessBase"]
[SourceDate "2016.06.21"]
[SourceVersion "1"]
[SourceVersionDate "2016.06.21"]
[SourceQuality "1"]

1. e4 c6 2. d4 d5 3. f3 Qb6 4. a4 a5 5. c3 e5 6. Ne2 dxe4 7. fxe4 Bg4 8. Nd2 exd4 9. Nc4 Qc5 10. Qxd4 Nd7 11. Be3 Ngf6 12. Ng3 Be7 13. Qd3 Ne5 14. Qc2 Nxc4 15. Bxc5 1-0